000 00806nam a2200277Ia 4500
001 Z_1484
003 CHAP
008 220113s1992 xx 000 0 und d
010 _a164573
040 _cCHAP
090 _aTesis A 746
100 _aAlvarez Morales, Felipe
_94948
245 _aEl cultivo del pasto guinea (Panicum maximum Jacq) para la producción de forraje y semilla /
_cpor Felipe Alvarez Morales
260 _aChapingo, Méx. :
_bEl autor,
_c1992
300 _a105 h.
502 _aTesis (Ing. Agr. Esp. en Zootecnia) -- UACH. Departamento de Zootecnia
650 _aPanicum maximum
_985105
650 _aPastos forrajeros
_986094
650 _aPastos
_xSemilla
_986077
901 _aTESIS A 746
902 _aM
910 _a1992
942 _c2
942 _c2
999 _c164573
_d164573